Agrárne trhové informácie Slovenska
Agrárne trhové informácie Slovenska vznikli na základe projektu PHARE - Reštrukturalizácia vybraných odvetví potravinárskeho priemyslu. Hlavným cieľom je pomôcť pri vytváraní transparentného trhového prostredia. Prehľad o situáciách v budovaní trhových informačných centrál v okolitých štátoch.
Enregistré dans:
| Auteur principal: | |
|---|---|
| Format: | Chapitre de livre |
| Langue: | slovaque |
| Sujets: | |
| Tags: |
Pas de tags, Soyez le premier à ajouter un tag!
|
MARC
| LEADER | 00000naa a2200000 4500 | ||
|---|---|---|---|
| 001 | r026323 | ||
| 005 | 20230922110400.5 | ||
| 041 | 0 | |a slo | |
| 044 | |a CZ | ||
| 245 | 1 | 0 | |a Agrárne trhové informácie Slovenska |c L. Hána |
| 520 | |a Agrárne trhové informácie Slovenska vznikli na základe projektu PHARE - Reštrukturalizácia vybraných odvetví potravinárskeho priemyslu. Hlavným cieľom je pomôcť pri vytváraní transparentného trhového prostredia. Prehľad o situáciách v budovaní trhových informačných centrál v okolitých štátoch. | ||
| 610 | 2 | 0 | |a poľnohospodárstvo |
| 610 | 2 | 0 | |a informácie |
| 610 | 2 | 0 | |a Slovensko |
| 610 | 2 | 0 | |a systémy informačné |
| 610 | 2 | 0 | |a PHARE |
| 610 | 2 | 0 | |a trh |
| 610 | 2 | 0 | |a ceny |
| 610 | 2 | 0 | |a Česko |
| 610 | 2 | 0 | |a Poľsko |
| 610 | 2 | 0 | |a Maďarsko |
| 610 | 2 | 0 | |a Chorvátsko |
| 610 | 2 | 0 | |a Litva |
| 610 | 2 | 0 | |a projekty |
| 610 | 2 | 0 | |a logo |
| 610 | 2 | 0 | |a zber dát |
| 610 | 2 | 0 | |a hardvér |
| 610 | 2 | 0 | |a softvér |
| 100 | 1 | |a Hána, L. | |